000 00645nam a2200217Ia 4500
001 15202
003 GE_BSU
008 181216s||||||||xx |||||||||||||| ||und||
040 _cGE_BSU
080 _a821.353.1-32
100 _aშერვაშიძე,ამირან
245 _aერთგულება
245 _bმოთხრობები
245 _cრედ:ლეილა დადიანი
260 _aსოხუმი
260 _bაფხაზეთის სახელგამი
260 _c1962
300 _a180გვ;20სმ.
653 _aმოთხრობები
942 _cBK
999 _c48314
_d48314